Movies Quiz

Random Movies or Numbers Quiz

Disney Animated Films Containing Numbers Quiz Stats

 Plays Quiz Updated Nov 7, 2017

Challenge
Share
Tweet
Embed
Score 0/5 Timer 04:00
5 Plays Today
Answer % Correct
Big Hero 6
88.1%
One Hundred and One Dalmatians
67.3%
Snow White and the Seven Dwarfs
56.2%
Fantasia 2000
33.2%
The Three Caballeros
29.7%

You're not logged in!

Compare scores with friends on all Sporcle quizzes.
OR
Log In

You Might Also Like...

Show Comments

Extras

Top Quizzes Today


Score Distribution

Your Account Isn't Verified!

In order to create a playlist on Sporcle, you need to verify the email address you used during registration. Go to your Sporcle Settings to finish the process.

Report this User

Report this user for behavior that violates our Community Guidelines.

Details: